| 000 | 00667pam a2200181 a 4500 | ||
|---|---|---|---|
| 020 | _a030905222X | ||
| 082 | 0 | 0 |
_a388.0973 _bNAT _cD |
| 245 | 0 | 0 | _aEconomics, finance, and administration. |
| 260 |
_aWashington, D.C. : _bTransportation Research Board, National Research Council : _bNational Academy Press, _c1992. |
||
| 300 |
_avii, 196 p. : _bill. ; _c28 cm. |
||
| 490 | 1 | _aTransportation research record ; | |
| 526 |
_a0 _b0 _c0 _d388_097300000000000_NAT |
||
| 650 | 0 |
_aMCE _9379 |
|
| 650 | 0 |
_aTransportation _zUnited States _xFinance. _922318 |
|
| 650 | 0 |
_aTransportation _zUnited States. _919959 |
|
| 710 | 2 |
_aNational Research Council (U.S.). _920017 |
|
| 942 |
_2ddc _cBK |
||
| 999 |
_c543111 _d543111 |
||